Evaluation of econometric models

Guardado en:
Detalles Bibliográficos
Otros Autores: Kmenta, Jan
Formato: Libro
Lenguaje:inglés
Publicado: New York Academic Press 1980
Etiquetas: Agregar Etiqueta
Sin Etiquetas, Sea el primero en etiquetar este registro!

MARC

LEADER 00000nam a2200000 4500
001 c137020
005 20041019155308.7
041 0 |a eng 
044 |a US 
245 1 0 |a Evaluation of econometric models  |c Ed. by Jan Kmenta 
264 1 |a New York  |b Academic Press  |c 1980 
300 |a 410 s. 
700 1 |a Kmenta, Jan